000 00642nam a2200289Ia 4500
005 20260324120114.0
008 008 260324s9999 xx 000 0 eng d
020 _a9781315708966
037 _aEBOOK
040 _aCRL
040 _beng
040 _cCRL
041 _2eng
041 _aeng
084 _qCRL
100 _aPetteri Pietikäinen
_91157256
245 0 _aMadness
245 2 _bA History
260 _bTaylor and Francis
260 _c2015
365 _a
365 _b255
856 _uhttp://www.taylorfrancis.com/books/9781315708966
942 _cEBOOK
999 _c1748589
_d1748589